000 00721nam a2200193 a 4500
003 0
005 20250415140042.0
008 060801s19uu xx 00 eng d
050 _aPHS HD 7255
_b.J64 2006
100 _aJoel, Marvin Fredrick M.
245 _aA Comparative study on the willingness of companies on hiring physically challenged workers /
_cMarvin Fredrick M. Joel.
260 _aLas PiƱas City, Philippines :
_bSouthville International School and Colleges,
_c2006.
300 _a51 pages ;
_c28 cm.
504 _aIncludes bibliographical references.
650 _aPeople with disabilities
_xEmployment.
650 _aHiring policies.
650 _aPhysically handicapped
_xEmployment.
942 _2lcc
_cPASS
999 _c97621
_d97621